|
|
|
|
| LEADER |
00000cac a2200000 i 4500 |
| 003 |
Ucuenca |
| 005 |
20230308182345.0 |
| 006 |
a||||gr|||| 001 0 |
| 007 |
ta |
| 008 |
000000s1992 mx ||||gr|||||||||||spa|a |
| 020 |
|
|
|a 970-05-0438-7
|q (Editorial Grijalbo)
|
| 020 |
|
|
|a 968-29-4699-9
|q (Consejo Nacional para la Cultura y las artes)
|
| 040 |
|
|
|b spa
|a UCuenca-cdrjbv
|c UCuenca
|e rda
|
| 041 |
|
|
|a spa
|
| 082 |
0 |
|
|2 21
|a 306.2
|c 87900
|
| 100 |
1 |
|
|a Brunner, José Joaquin.
|9 98705
|e autor
|
| 245 |
1 |
0 |
|a América Latina:
|b cultura y modernidad /
|c José Joaquin Brunner.
|
| 250 |
|
|
|a Primera edición
|
| 264 |
|
1 |
|a México:
|b Grijalbo,
|c 1992.
|
| 300 |
|
|
|a 403 páginas:
|c 20 cm
|
| 336 |
|
|
|2 rdacontent
|a texto
|b txt
|
| 337 |
|
|
|2 rdamedia
|a no mediado
|b n
|
| 338 |
|
|
|2 rdacarrier
|a volumen
|b nc
|
| 490 |
|
|
|a Claves de América Latina
|
| 505 |
1 |
|
|a Nuestra modernidad -- Politicas culturales -- La cultura entre el autoritarismo y la democracia.
|
| 650 |
1 |
0 |
|a Cultura
|9 146
|
| 650 |
1 |
7 |
|2 UCuenca-cdrjbv
|a Política cultural
|9 4712
|
| 650 |
1 |
7 |
|2 UCuenca-cdrjbv
|a Democracia
|9 267
|
| 852 |
|
|
|a UC-CDJBV
|
| 942 |
|
|
|2 ddc
|c CR
|r luz.vázquez@ucuenca.edu.ec
|
| 999 |
|
|
|c 59485
|d 59485
|